000 00614nam a2200229Ia 4500
003 OSt
005 20221007072256.0
006 a|||||r|||| 00| 0
007 ta
008 221006b |||||||| |||| 00| 0 eng d
024 _a18,879
037 _cTextual
040 _aFLL
_cFLL
_beng
041 _2eng
_aeng
082 _aZ1, K5
100 _aO'brien William V.
_9690406
245 0 _aNew nations in internationaal law and diplomacy
260 _aLondon
_bStevens & Sons England
_c1965
300 _a323p
_ccm.
942 _hZ1, K5
_cTEXL
_2CC
999 _c1145616
_d1145616